00406pab a2200133 454500008004000000100002400040245010400064260000900168300001300177362001200190650003300202650001100235773002600246180718b2006 xxu||||| |||| 00| 0 eng d aDeb, Sibnath et al. aStress of traffic police officers and traffic constables under Kolkata police - a comparative study c2006 ap.50-61. aOct-Dec aPolice - India - West Bengal aPolice aIndian Police Journal